Stredoveké hrady na strednom Pohroní = Medieval castles in Central Hron region /

Uloženo v:
Podrobná bibliografie
Hlavní autor: Beljak, Ján 1979- (Autor)
Další autoři: Beljak Pažinová, Noémi, 1980- (Sestavovatel, kompilátor), Tejbusová, Viera, Mgr (Překladatel), Šimurka, Michal (Překladatel)
Médium: Kniha
Jazyk:slovenština
angličtina
Vydáno: Nitra : Archeologický ústav SAV, 2021
Vydání:Prvé vydanie
Témata:
ISBN:9788081960529
On-line přístup: Získat plný text
Tagy: Přidat tag
Žádné tagy, Buďte první, kdo vytvoří štítek k tomuto záznamu!

MARC

LEADER 00000nam a2200000 4500
003 SK-BrCVT
005 20250630112520.0
008 220425s2021 xo oaelgr 000 0 slo d
020 |a 9788081960529  |q (viaz.) 
040 |a SNMK  |b slo  |c SNMK  |e rda  |d CVT 
041 0 |a slo  |a eng  |b slo  |b eng 
044 |a xo  |c SK 
072 7 |a 72  |2 konspekt 
072 7 |a 902  |2 konspekt 
080 |a 728.81  |2 2011 
080 |a 94"04/14"  |2 2011 
080 |a 725.182  |2 2011 
080 |a 903.4  |2 2011 
080 |a 902.2  |2 2011 
080 |a 719:69  |2 2011 
080 |a (437.6)  |2 2011 
080 |a (048.8:082)  |2 2011 
100 1 |a Beljak, Ján  |d 1979-  |4 aut 
245 1 0 |a Stredoveké hrady na strednom Pohroní =  |b Medieval castles in Central Hron region /  |c Noémi Beljak Pažinová (zostavovateľ) ; autori publikácie: Ján Beljak ... [et al.] ; preklad: Viera Tejbusová, Michal Šimurka 
246 1 1 |a Medieval castles in central Hron region 
250 |a Prvé vydanie 
260 |a Nitra :  |b Archeologický ústav SAV,  |c 2021 
300 |a 246 s. :  |b fotogr., lit., obr., plány ;  |c 30 cm 
336 |a text  |b txt  |2 rdacontent 
337 |a bez média  |b n  |2 rdamedia 
338 |a zväzok  |b nc  |2 rdacarrier 
366 |e 600 kusov 
504 |a Bibliografia s. 232-236 
546 |a Súbežný názov a text v angličtine ; anglické a slovenské resumé 
650 0 7 |a hrady  |2 SNKPH 
650 0 7 |a stredovek  |2 SNKPH 
650 0 7 |a opevnenia  |2 SNKPH 
650 0 7 |a sídliská (archeológia)  |2 SNKPH 
650 0 7 |a hradná architektúra  |2 SNKPH 
650 0 7 |a archeologické výskumy  |2 SNKPH 
650 0 7 |a stavebno-historický prieskum  |2 SNKPH 
650 0 7 |a Castles  |2 SNKPHeng 
650 0 7 |a Middle ages  |2 SNKPHeng 
650 0 7 |a Fortifications  |2 SNKPHeng 
650 0 7 |a Castle architecture  |2 SNKPHeng 
650 0 7 |a Excavations (archaeology)  |2 SNKPHeng 
650 0 7 |a Constructional-historical research  |2 SNKPHeng 
651 7 |a Horehronie (Slovensko : región)  |2 SNKPHgeo 
651 7 |a Stredné Pohronie (Slovakia : region)  |2 SNKPHeng 
653 |a hrad 
653 |a zámok 
653 |a história 
655 7 |a kolektívne monografie  |2 SNKPH 
655 7 |a Collective monographs  |2 SNKPHeng 
700 1 T |a Beljak Pažinová, Noémi,  |d 1980-  |4 com 
700 1 T |a Tejbusová, Viera,  |c Mgr.  |4 trl 
700 1 T |a Šimurka, Michal  |4 trl 
910 |b A630548 
919 |a 978-80-8196-052-9 
959 |a 63 
974 |a Katarína Repatá  |b Katarína Repatá 
992 |a AMG  |a APH  |a AOP 
999 |c 278395  |d 278395